00247nam a2200073Ia 4500008004100000082000800041100003300049245009100082240331s9999 xx 000 0 und d bTHU aWomen's Aid Organization. ed 0aThunpuruthap Padum Penkal :bUngalukku Neenkale Uthavi Seythu Kolla Uthavum Puththakam